| 000 | 00596nam a2200193Ia 4500 | ||
|---|---|---|---|
| 003 | IN-BaIIA | ||
| 008 | 211028s9999 xx 000 0 eng d | ||
| 020 | _a81-8046-029-0 | ||
| 040 | _cIIA Library | ||
| 080 |
_a1:12 _bKOH |
||
| 100 |
_aKothari, Manu _933110 |
||
| 245 | 0 |
_aGaja's will: the dying declaration of mother Earth _cManu Kothari and Lopa Mehta |
|
| 260 |
_aKolkatta _bAlchemy _c2005 |
||
| 300 | _axv, 213p. | ||
| 650 |
_aPhilosophy of mind _933111 |
||
| 650 |
_aSpiritual science _933112 |
||
| 700 |
_aMehta, Lopa _933113 |
||
| 942 | _cBK | ||
| 999 |
_c17522 _d17522 |
||